000 00809nam a2200229Ia 4500
003 OSt
005 20260114142313.0
008 Pun
020 _a9789352311514 (hbk)
037 _cTextual
040 _aARTS
_cARTS
_bPun
041 _2Pun
_aPun
100 _aਜਿੰਦਰ, ਥਦ.
_9864461
245 0 _a32 ਪਾਕਿਸਤਾਨੀ ਕਹਾਣੀਆਂ
260 _aਸਮਾਣਾ
_b ਸੰਗਮ ਪਬਲੀਕੇFਨਗ਼
_c2016
300 _a269ਪ0
_ccm.
650 _a ਪੰਜਾਬੀ ਸਾਹਿਤ
_9864462
650 _a ਪੰਜਾਬੀ ਕਹਾਣੀ
_9864463
650 _aਪਾਕਿਸਤਾਨੀ ਸਾਹਿਤ
_9160623
942 _hO44Q7,3x 153Q6
_cTB
_2CC
_n0
999 _c300108
_d300108